Normal view
MARC view
- السرطاوي، زيدان احمد ، الشخص، عبد العزيز السيد/إعداد
Entry Personal Name
001 - CONTROL NUMBER
- control field: 34990
003 - CONTROL NUMBER IDENTIFIER
- control field: JO-AjAnu
005 - DATE AND TIME OF LATEST TRANSACTION
- control field: 20230606075845.0
008 - FIXED-LENGTH DATA ELEMENTS
- fixed length control field: 230606|| aca||aabn | a|a d
040 ## - CATALOGING SOURCE
- Original cataloging agency: JO-AjAnu
- Transcribing agency: JO-AjAnu
100 ## - HEADING--PERSONAL NAME
- Personal name: السرطاوي، زيدان احمد ، الشخص، عبد العزيز السيد/إعداد
670 ## - SOURCE DATA FOUND
- Source citation: Work cat.: (JO-AjAnu)17969: السرطاوي، زيدان احمد ، الشخص، عبد العزيز السيد/إعداد, author, بطارية قياس الضغوط النفسية وأساليب المواجهة والاحتياجات لأولياء امور المعوقين (دليل المقاييس)